000 00286nam a2200121Ia 4500
005 20251222144748.0
008 251222s9999||||xx |||||||||||||| ||spa||
082 _a299.31/G17
100 _aGames, Gil
245 0 _aOraciones del Antiguo Oriente
264 _bVerbo Divino
942 _cLIB
999 _c19221
_d19221